01139nam a22003257a 4500001001000000003000900010005001700019007000300036008003400039040005400073041001000127072002000137090001900157100001700176110006600193245009500259260003400354300001000388500006900398650001900467650002300486650002100509650001200530650003600542650002300578909003600601942000700637999001700644952015200661BR0602194BR-BrBNA20230928102136.0ta230509b bl.||||| |||| 00| 0 por d aBR-BrBNAbporcBiblioteca Nacional de Agricultura a(Por) aF03b2200b3575  2200 BR06021941 aNeri, F.C.S.1 aUniversidade Federal de Lavras, MG (Brasil)0Tese (Doutorado)1 aCaracterísticas morfo-agronômicas e deterioração controleda em sementes de tagetes3 aLavras, MG (Brasil): c2006.  a69 p. aSummaries (Eng, Por); Bibliography p. 61-69; 8 illus.; 25 tables aTAGETIS PATULA aPLANTA AROMÁTICA aCRAVO-DE-DEFUNTO aSEMENTE aCARACTERÍSTICAS AGRONÔMICAS aMORFOLOGIA VEGETAL a202309bLuciac55dLucia Elande cBK c69339d69339 002AGRIS40708AGROBASEa41918b41918l0o 2200 BR0602194p2200 BR0602194r2023-09-25t01yBK10d2023-09-25ePortaria Interministerial nº 164/94